| 000 | 01021nam a22002057a 4500 | ||
|---|---|---|---|
| 999 |
_c60649 _d60649 |
||
| 003 | Ge_BSU | ||
| 005 | 20230929095826.0 | ||
| 008 | 230929s2021 ge ||||| |||| 00| 0 geo d | ||
| 020 | _a9789941839566 | ||
| 041 | _ageo | ||
| 080 | _a821.1 ყ-61 | ||
| 245 |
_aყოველი შემთხვევისთვის : _bპოეზიის ჟურნალი. ტ.1 / _cრედაქტორ-გამომცემელი: დათო ბარბაქაძე ; [გერმ. თარგმნა შალვა პაპუაშვილმა]. |
||
| 264 |
_aქვემო მაჩხაანი : _bუნივერსალი, _c2021. |
||
| 300 |
_a255 გვ. : _b21 სმ. |
||
| 653 | _aპოეზია | ||
| 653 | _aპოეზიის ჟურნალი | ||
| 700 |
_a ბარბაქაძე, დათო _eრედაქტორი _919962 |
||
| 700 |
_aპაპუაშვილი, შალვა _eმთარგმნელი _9758 |
||
| 942 |
_2udc _cBK |
||